Phong thủy : Tìm hiểu cảnh quan sống lý tưởng
Salvato in:
| Autore principale: | |
|---|---|
| Natura: | Libro |
| Lingua: | Undetermined |
| Pubblicazione: |
Đà Nẵng
Nxb Đà Nẵng
2004
|
| Soggetti: | |
| Tags: |
Aggiungi Tag
Nessun Tag, puoi essere il primo ad aggiungerne! !
|
| Thư viện lưu trữ: | Trung tâm Học liệu Trường Đại học Cần Thơ |
|---|
| LEADER | 00600nam a2200205Ia 4500 | ||
|---|---|---|---|
| 001 | CTU_92276 | ||
| 008 | 210402s9999 xx 000 0 und d | ||
| 020 | |c 16000 | ||
| 082 | |a 133.3337 | ||
| 082 | |b K305 | ||
| 100 | |a Du, Khổng Kiên | ||
| 245 | 0 | |a Phong thủy : | |
| 245 | 0 | |b Tìm hiểu cảnh quan sống lý tưởng | |
| 245 | 0 | |c Nguyễn Kim Dân dịch | |
| 260 | |a Đà Nẵng | ||
| 260 | |b Nxb Đà Nẵng | ||
| 260 | |c 2004 | ||
| 650 | |a Feng-shui,Philosophy, chinese | ||
| 904 | |i Trúc(Tuyến) | ||
| 980 | |a Trung tâm Học liệu Trường Đại học Cần Thơ | ||